Gaming Quiz

Random Gaming or Nintendo Quiz

Food In All Kirby Games Quiz Stats

 Plays Quiz not verified by Sporcle

Challenge
Share
Tweet
Embed
Score 0/42 Timer 06:00
0 Plays Today
Food % Correct
Apple
66.8%
Tomato
59.4%
Cake
57.3%
Banana
49%
Vanilla Ice Cream
44.8%
Orange
44.4%
Maxim Tomato
37.1%
Chicken
36%
Strawberry
35%
Cherries
34.6%
Grapes
33.9%
Watermelon
31.1%
Soda
30.4%
Hamburger
29.4%
Milk
29%
Hot Dog
24.5%
Melon
24.5%
Cheese
23.1%
Superspicy Curry
22.7%
Steak
22%
Peach
21%
Food % Correct
Cookie
18.9%
Turkey Leg
17.8%
Eggs
17.1%
Corn
16.1%
Coffee
15.7%
Orange juice
15.4%
Cupcake
14%
Pancakes
12.2%
Rotten Pumpkin
11.5%
French Fries
10.8%
Pudding
10.8%
Peas
10.1%
Beans
10.1%
Candy Cane
9.4%
Lemonade
9.1%
Invincibility Candy
9.1%
Fudge Popsicle
8.7%
Pep Brew
8.4%
Sundae
7.3%
Mint Leaf
7%
Candy Corn
4.5%

You're not logged in!

Compare scores with friends on all Sporcle quizzes.
Join for Free
OR
Log In

You Might Also Like...

Show Comments

Extras

Top Quizzes Today


Score Distribution

Your Account Isn't Verified!

In order to create a playlist on Sporcle, you need to verify the email address you used during registration. Go to your Sporcle Settings to finish the process.

Report this User

Report this user for behavior that violates our Community Guidelines.

Details: